Statistics for Kagoshima Prefecture Quiz

Click here to take the quiz!

General Stats

  • This quiz has been taken 8 times
  • The average score is 7 of 15

Answer Stats

HintAnswer% Correct
On which island is Kagoshima located?Kyushu
100%
Capital?Kagoshima
86%
Which traditional domain largely overlaps with modern Kagoshima?Satsuma
86%
This led to the "Restoration" of which emperor?Meiji
57%
Which islands, formerly occupied by the US, were returned to Japan and Kagoshima Prefecture in 1954?Amami Islands
43%
In the production of which snake-like fish does Kagoshima lead Japan? (Hint: It is known locally as unagi)Eel
43%
Kagoshima was the home port of Admiral Togo Heihachiro during Japan's ultimately victorious war against which foreign imperial power?Russia
43%
What foreign kingdom paid tribute to that family?Ryukyu Kingdom
43%
Against which future shogun did the rulers of Kagoshima side at the Battle of Sekigahara in 1600?Tokugawa Ieyasu
43%
Against which foreign imperial power did the rulers of Kagoshima fight a brief war in 1863?United Kingdom
43%
Which Kagoshima samurai, sometimes called the last true samurai, led a rebellion of disaffected samurai followers against the new government and its modernization efforts?Saigo Takamori
29%
Which family traditionally ruled that domain?Shimazu
29%
Which Catholic saint brought guns to Japan, via Kagoshima, for the first time?St Francis Xavier
29%
A coalition led by Kagoshima's rulers and the rulers of which other domain seized Kyoto in 1867, prompting an imperial edict to end the shogunate?Choshu
14%
And which other traditional province makes up the prefecture?Osuma
14%

Score Distribution

Percentile by Number Answered

Percent of People with Each Score

Your Score History

You have not taken this quiz